| 000 | 00492nam a22001817a 4500 | ||
|---|---|---|---|
| 003 | CEME | ||
| 005 | 20210628210505.0 | ||
| 008 | 210208b xxu||||| |||| 00| 0 eng d | ||
| 020 | _a0-8247-7574-0 | ||
| 040 | _c. | ||
| 082 | _a621.38174 HED | ||
| 100 |
_aHedden, Robert.P _979591 |
||
| 245 | _aCost engineering in printed circuit board manufacturing | ||
| 260 |
_aNEW YORK _bMARCEL DEKKER _c1987 |
||
| 300 | _a228P | ||
| 650 |
_aPRINTED CIRCUITS INDUSTRY-COSTS _979592 |
||
| 942 |
_cBK _2ddc |
||
| 999 |
_c584616 _d584616 |
||